000 00453nam a2200181Ia 4500
008 090630s9999 xx 000 0 und d
082 _b419
100 _aWarthan H. E.
245 _aMustapha Kemal of Turkey.
_cWarthan H. E.
260 _b---
_c1930
300 _a215
600 _aWarthan H. E.
630 _aMustapha Kemal of Turkey.
655 _aEnglish.
700 _aWarthan H. E.
730 _aMustapha Kemal of Turkey.
942 _cBOOK
999 _c252275
_d252275